| 000 | 00788nam a2200241Ia 4500 | ||
|---|---|---|---|
| 003 | IN-BaIIA | ||
| 008 | 211028s9999 xx 000 0 eng d | ||
| 020 | _a0-7923-6995-5 | ||
| 040 | _cIIA Library | ||
| 080 |
_a52(082.1) _bASS-262 |
||
| 245 | 0 |
_aWhistler phenomena _bshort impulse propagation _cedited by Csaba Ferencz…[et al.] |
|
| 260 |
_aDordrecht _bKluwer Academic _c2001 |
||
| 300 | _ax, 260p. | ||
| 490 | _aAstrophysics and space science library; v. 262 | ||
| 650 |
_aElectron plasma _925932 |
||
| 650 |
_aElectronic wave propagation _925933 |
||
| 650 |
_aMaxwell's equations _925934 |
||
| 700 |
_aFerencz, Csaba _925935 |
||
| 700 |
_aFerencz, Orsolya E., ed. _925936 |
||
| 700 |
_aHamar, Daniel., ed. _925937 |
||
| 700 |
_aLichtenberger, Janos., ed. _925938 |
||
| 942 | _cBK | ||
| 999 |
_c14580 _d14580 |
||